000 00538nam a22001577a 4500
999 _c533425
_d533425
020 _qHard Cover.
082 _a624.1
100 _aAhmed, Wisal
245 _aEffect of Sawdust and Lightweight Aggregate on Thermal and Mechanical Properties of Concrete /
_cWisal Ahmed.
260 _aIslamabad:
_bSCEE - NUST,
_c2017.
300 _a54 p. :
_bill. ;
_c30cm
942 _2ddc
_cTHE
650 _aStructural Engineering MS-Thesis.
_917039
700 _aDr. Rao Arsalan Khushnood
_917040